00686nam a2200241Ia 4500003000900000008004100009040001300050040001300063041000800076100002300084245003100107250001100138260001300149260000900162300001100171300001000182490001700192490000600209700002100215942000700236999001700243952018400260IT-RoPAU120407s9999 xx 000 0 und d aIT-RoPAU cIT-RoPAU aita aFrancesco Alberoni aL’altruismo e la morale. aMilano aGarzanti c1988 a126 p. c21 cm aSaggi blù. v1 a Salvatore Veca cBK c24949d24949 00102ddc406170_40000000000000071aPAULUSbPAULUSd2012-04-11l0o170.4r2012-04-11 00:00:00w2012-04-11yBKzInserito da: Anna In data: n.d. fondo: Via A.Severo 56 Progr:16427